Wirtschafts- und Gesellschaftssysteme im Vergleich Grundzüge einer Theorie der Wirtschaftssysteme
Salvato in:
| Autore principale: | |
|---|---|
| Natura: | Libro |
| Lingua: | tedesco |
| Pubblicazione: |
Stuttgart
Fischer
1988
|
| Edizione: | 5. bearb. Aufl. |
| Serie: | Uni-Taschenbücher
481 |
| Soggetti: | |
| Tags: |
Nessun Tag, puoi essere il primo ad aggiungerne!!
|
MARC
| LEADER | 00000nam a2200000 4500 | ||
|---|---|---|---|
| 001 | c019082 | ||
| 005 | 20221206134645.3 | ||
| 020 | |a 3-437-40194-7 | ||
| 041 | 0 | |a ger | |
| 044 | |a DE | ||
| 245 | 1 | 0 | |a Wirtschafts- und Gesellschaftssysteme im Vergleich |b Grundzüge einer Theorie der Wirtschaftssysteme |c Helmut Leipold |
| 250 | |a 5. bearb. Aufl. | ||
| 264 | 1 | |a Stuttgart |b Fischer |c 1988 | |
| 300 | |a 300 s. | ||
| 490 | 1 | |a Uni-Taschenbücher |v 481 | |
| 830 | 0 | |a Uni-Taschenbücher |v 481 | |
| 610 | 2 | 0 | |a systémy ekonomické |
| 610 | 2 | 0 | |a teória systémová |
| 610 | 2 | 0 | |a spoločnosť |
| 610 | 2 | 0 | |a decentralizácia |
| 610 | 2 | 0 | |a plánovanie |
| 610 | 2 | 0 | |a vlastníctvo súkromné |
| 610 | 2 | 0 | |a hospodárstvo trhové |
| 610 | 2 | 0 | |a modely |
| 610 | 2 | 0 | |a vlastníctvo štátne |
| 610 | 2 | 0 | |a reformy hospodárske |
| 610 | 2 | 0 | |a politika |
| 610 | 2 | 0 | |a teória rozhodovania |
| 610 | 2 | 0 | |a Maďarsko |
| 610 | 2 | 0 | |a Juhoslávia |
| 610 | 2 | 0 | |a východné Nemecko |
| 100 | 1 | |a Leipold, Helmut | |